Museo de artes populares / (Record no. 40586)

MARC details
000 -CABECERA
campo de control de longitud fija 00668nam a2200205 a 4500
005 - FECHA Y HORA DE LA ÚLTIMA TRANSACCIÓN
campo de control 20220630124544.0
008 - ELEMENTOS DE LONGITUD FIJA--INFORMACIÓN GENERAL
campo de control de longitud fija 991125s1948 mx 000 0 spa u
035 ## - NÚMERO DE CONTROL DEL SISTEMA
Número de control de sistema UPN01000040586
049 ## - COLECCIÓN
Colección F
050 #4 - SIGNATURA TOPOGRÁFICA DE LA BIBLIOTECA DEL CONGRESO
Número de clasificación N25
Número de documento/Ítem C63 no.6 1948
100 1# - ASIENTO PRINCIPAL--NOMBRE PERSONAL
Nombre de persona Montenegro, Roberto,
Fechas asociadas al nombre 1885-1968
245 10 - MENCIÓN DE TÍTULO
Título Museo de artes populares /
Mención de responsabilidad, etc. textos de Roberto Montenegro.
260 ## - PUBLICACIÓN, DISTRIBUCIÓN, ETC.
Lugar de publicación, distribución, etc. México :
Nombre del editor, distribuidor, etc. Ediciones de Arte,
Fecha de publicación, distribución, etc. 1948.
300 ## - DESCRIPCIÓN FÍSICA
Extensión 64 p. :
Otras características físicas principalmente il.
440 #0 - MENCIÓN DE SERIE/ASIENTO SECUNDARIO--TÍTULO
Título Anáhuac de arte mexicano ;
Designación de volumen o secuencia 6
500 ## - NOTA GENERAL
Nota general Texto en español, inglés, francés e italiano
650 #4 - ASIENTO SECUNDARIO DE MATERIA - TERMINO TEMATICO
Término de materia o nombre geográfico como elemento de entrada ARTE -
Subdivisión general INDUSTRIA Y COMERCIO
9 (RLIN) 2490
650 #0 - ASIENTO SECUNDARIO DE MATERIA - TERMINO TEMATICO
Término de materia o nombre geográfico como elemento de entrada Arte popular
Subdivisión geográfica México
9 (RLIN) 2609
905 ## - TIPO DE MATERIAL
Tipo de material Libro
Holdings
Estado de retiro Estado de pérdida Fuente del sistema de clasificación o colocación Estado dañado No para préstamo Código de colección Localización permanente Ubicación/localización actual Ubicación en estantería Fecha de adquisición Clasificación Código de barras Fecha visto por última vez Número de copia Tipo de ítem Koha
    Library of Congress Classification   Disponible (Préstamo en sala) Folletería Bib. Gregorio Torres Quintero Bib. Gregorio Torres Quintero Colecciones especiales Planta alta 04/05/2023 N25 C63 no.6 1948 44910 31/12/2020 1 Folleto
    Library of Congress Classification   Disponible (Préstamo en sala) Folletería Bib. Gregorio Torres Quintero Bib. Gregorio Torres Quintero Colecciones especiales Planta alta 04/05/2023 N25 C63 no.6 1948 44911 31/12/2020 1 Folleto
    Library of Congress Classification   Disponible (Préstamo en sala) Folletería Bib. Gregorio Torres Quintero Bib. Gregorio Torres Quintero Colecciones especiales Planta alta 04/05/2023 N25 C63 no.6 1948 44912 31/12/2020 1 Folleto